[Event "Online Olym Div2 B 2021"]
[Site "chess.com INT"]
[Date "2021.09.04"]
[Round "8.5"]
[Board "2"]
[White "Rakhmatullaev, Almas"]
[Black "Pleasants, Allan J"]
[Result "0-1"]
[WhiteElo "2183"]
[BlackElo "2001"]
[WhiteTeam "Uzbekistan"]
[BlackTeam "Wales"]
[WhiteFideId "14205793"]
[BlackFideId "411337"]
[EventDate "2021.09.02"]
[EventType "team"]

1. e4 g6 2. d4 Bg7 3. Nc3 d6 4. Be3 Nf6 5. f3 a6 6. a4 b6 7. Qd2 Nbd7 8. Bc4 c5
9. d5 Rb8 10. Nge2 Ne5 11. Ba2 b5 12. O-O b4 13. Nd1 O-O 14. Nf2 Bd7 15. b3 Qc7
16. h3 Bc8 17. Bh6 a5 18. Ng3 Ba6 19. Rfe1 c4 20. Bxg7 Kxg7 21. Qg5 Kh8 22. Rad1
c3 23. f4 Ned7 24. e5 Ng8 25. Ng4 f6 26. exf6 exf6 27. Qh4 Rbe8 28. Re6 Nc5 29.
Rxe8 Rxe8 30. f5 g5 31. Qh5 Qe7 32. Kh2 Nd7 33. Rd4 Ne5 34. Re4 Rf8 35. Ne3 Qf7
36. Qd1 Ne7 37. Qd4 Nc8 38. Nc4 Bxc4 39. bxc4 Qa7 40. Ne2 Qxd4 41. Nxd4 Nb6 42.
Bb3 Nbd7 43. Nb5 Nc5 44. Re2 Rd8 45. Kg3 Kg7 46. Kf2 h5 47. Ke1 Kf7 48. Kd1 h4
49. Nd4 Rg8 50. Nf3 Nxf3 51. gxf3 Re8 52. Ke1 Re5 53. Kf2 Rxf5 54. Ba2 Re5 55.
Bb3 Rxe2+ 56. Kxe2 Kg6 57. Ke3 Kf5 58. Ke2 Kf4 0-1

[Event "Online Olym Div2 B 2021"]
[Site "chess.com INT"]
[Date "2021.09.04"]
[Round "8.5"]
[Board "3"]
[White "Smith, Olivia"]
[Black "Salimova, Asal"]
[Result "1-0"]
[WhiteTitle "WFM"]
[WhiteElo "2012"]
[BlackElo "1905"]
[WhiteTeam "Wales"]
[BlackTeam "Uzbekistan"]
[WhiteFideId "411850"]
[BlackFideId "14204940"]
[EventDate "2021.09.02"]
[EventType "team"]

1. Nf3 g6 2. d4 Bg7 3. e4 d6 4. Nc3 Nd7 5. Be3 c6 6. Qd2 Qc7 7. h4 h5 8. Ng5 e6
9. d5 Ne5 10. dxe6 Bxe6 11. Nxe6 fxe6 12. O-O-O O-O-O 13. Be2 Kb8 14. Qd4 c5 15.
Qa4 Bh6 16. f4 Nf6 17. Bd2 Nc6 18. Kb1 Nd4 19. Bf3 Nd7 20. Nb5 Nxb5 21. Qxb5
Rhf8 22. f5 Bxd2 23. fxe6 Ne5 24. Rxd2 Nxf3 25. gxf3 Rxf3 26. Rhd1 a6 27. Qc4
Rf4 28. Qd5 Qg7 29. Qg5 Qf6 30. Qd5 Qxh4 31. e5 Rf5 32. Qxd6+ Rxd6 33. exd6 Rf8
34. e7 Rh8 35. Re2 Qg4 36. e8=Q+ Rxe8 37. Rxe8+ Ka7 38. Ree1 Qd7 39. Re7 Qg4 40.
Rde1 Qd4 41. d7 h4 42. c3 Qd3+ 43. Kc1 Qd5 44. Rd1 Qg5+ 45. Kc2 Qf5+ 46. Kc1
Qg5+ 47. Kb1 Qxe7 48. d8=Q Qe4+ 49. Qd3 Qg4 50. Qd5 Qc8 51. b3 h3 52. Rh1 Kb6
53. Kb2 Qg4 54. Qd6+ Kb5 55. a4+ Ka5 56. Qxc5+ b5 57. Qb4+ Qxb4 58. cxb4+ Kxb4
59. Rxh3 bxa4 60. bxa4 Kxa4 61. Rg3 a5 62. Rxg6 Kb4 63. Rg4+ Kb5 64. Ka3 1-0

[Event "Online Olym Div2 B 2021"]
[Site "chess.com INT"]
[Date "2021.09.04"]
[Round "8.5"]
[Board "4"]
[White "Malikova, Marjona"]
[Black "Wilson, Julie"]
[Result "1-0"]
[WhiteElo "1684"]
[BlackElo "1826"]
[WhiteTeam "Uzbekistan"]
[BlackTeam "Wales"]
[WhiteFideId "14212463"]
[BlackFideId "1800876"]
[EventDate "2021.09.02"]
[EventType "team"]

1. d4 e6 2. c4 b6 3. Nc3 Bb4 4. Qc2 Bb7 5. a3 Bxc3+ 6. Qxc3 f5 7. Nf3 Nf6 8. g3
O-O 9. Bg2 d6 10. O-O Nbd7 11. b4 Ne4 12. Qc2 Rc8 13. Bb2 Ndf6 14. Nd2 Rb8 15.
f3 Ng5 16. e4 fxe4 17. fxe4 Nf7 18. Qd3 e5 19. d5 a6 20. a4 c6 21. h3 Rc8 22.
Rac1 Qd7 23. Qb3 Ng5 24. Kh2 Kh8 25. Qe3 Nf7 26. Qxb6 c5 27. bxc5 dxc5 28. Rb1
Rb8 29. Qxc5 Nd6 30. Bxe5 1-0

[Event "Online Olym Div2 B 2021"]
[Site "chess.com INT"]
[Date "2021.09.04"]
[Round "8.5"]
[Board "5"]
[White "Fowler, Hugo"]
[Black "Begmuratov, Khumoyun"]
[Result "0-1"]
[BlackTitle "CM"]
[WhiteElo "1840"]
[BlackElo "2148"]
[WhiteTeam "Wales"]
[BlackTeam "Uzbekistan"]
[WhiteFideId "433411"]
[BlackFideId "14210207"]
[EventDate "2021.09.02"]
[EventType "team"]

1. e4 e5 2. Nf3 Nc6 3. Bc4 Nf6 4. d3 h6 5. c3 d6 6. O-O g6 7. d4 Qe7 8. dxe5
Nxe5 9. Nxe5 Qxe5 10. Qe2 Bg7 11. f3 O-O 12. Be3 Re8 13. Re1 c5 14. Nd2 a6 15.
a4 Bd7 16. a5 Bc6 17. Bb3 Rad8 18. Nc4 Qe7 19. Qf2 Qc7 20. Nb6 Kh7 21. Rad1 Re7
22. Qd2 Bb5 23. c4 Bc6 24. Bxc5 dxc5 25. Qxd8 Qe5 26. Rd2 Nh5 27. Nd5 Rd7 28.
Qh4 Nf4 29. Red1 Ne6 30. Qf2 Nd4 31. Ba2 Ba4 32. Re1 g5 33. Nb6 Bc6 34. Nxd7
Bxd7 35. Red1 Qc7 36. Rxd4 cxd4 37. Qd2 Be5 38. h3 f6 39. Qd3 Qxa5 40. Bb3 Qb4
41. Rc1 a5 42. Qc2 a4 43. Ba2 Qc5 44. Qd3 h5 45. b3 Qa3 46. Qc2 d3 47. Qxd3
Qxc1+ 48. Kf2 Qb2+ 49. Qe2 Bd4+ 50. Kf1 Qa1+ 0-1

[Event "Online Olym Div2 B 2021"]
[Site "chess.com INT"]
[Date "2021.09.04"]
[Round "8.5"]
[Board "6"]
[White "Khegay, Yuliya"]
[Black "Ray, Hiya"]
[Result "1-0"]
[WhiteTitle "WFM"]
[WhiteElo "1848"]
[BlackElo "1586"]
[WhiteTeam "Uzbekistan"]
[BlackTeam "Wales"]
[WhiteFideId "14205394"]
[BlackFideId "1803980"]
[EventDate "2021.09.02"]
[EventType "team"]

1. e4 c5 2. Nf3 d6 3. d4 cxd4 4. Nxd4 Nf6 5. Nc3 g6 6. Be3 Bg7 7. f3 O-O 8. Qd2
Nc6 9. g4 Bd7 10. O-O-O Ne5 11. h4 h5 12. gxh5 Nxh5 13. Bh6 Rc8 14. Bxg7 Kxg7
15. f4 Nc4 16. Bxc4 Rxc4 17. f5 Qa5 18. Rhg1 Qe5 19. Kb1 Rfc8 20. fxg6 fxg6 21.
Rg5 Qf6 22. Nf5+ Bxf5 23. exf5 Nf4 24. Rdg1 R8c5 25. Rxg6+ Nxg6 26. Rxg6+ Qxg6
27. fxg6 Kxg6 28. Qg2+ Kh6 29. Nd5 Rxh4 30. b3 Rd4 31. Nxe7 Rg5 32. Qh3+ Kg7 33.
Nf5+ Kg6 34. Nxd4 1-0

[Event "Online Olym Div2 B 2021"]
[Site "chess.com INT"]
[Date "2021.09.04"]
[Round "9.1"]
[Board "1"]
[White "Madaminov, Mukhiddin"]
[Black "Baenziger, Fabian"]
[Result "0-1"]
[WhiteTitle "FM"]
[BlackTitle "IM"]
[WhiteElo "2260"]
[BlackElo "2391"]
[WhiteTeam "Uzbekistan"]
[BlackTeam "Switzerland"]
[WhiteFideId "14210703"]
[BlackFideId "1330110"]
[EventDate "2021.09.02"]
[EventType "team"]

1. e4 c5 2. Nc3 d6 3. Nf3 Nf6 4. d4 cxd4 5. Nxd4 Nc6 6. f3 e5 7. Nb3 Be7 8. Bg5
Be6 9. Bxf6 Bxf6 10. Nd5 Bg5 11. Bc4 O-O 12. O-O Rc8 13. c3 Kh8 14. Qd3 Ne7 15.
Rad1 f5 16. a4 Ng6 17. exf5 Nf4 18. fxe6 Nxd3 19. Bxd3 Qe8 20. a5 Qxe6 21. Be4
h5 22. Rfe1 Bh6 23. h3 Rc4 24. Na1 Ra4 25. b4 Ra2 26. Nc2 Rc8 27. Re2 Bg5 28.
Kf1 Qf7 29. Ne1 Ra3 30. Nc2 Ra2 31. Ne1 Rxe2 32. Kxe2 Qd7 33. Nd3 Qa4 34. Ne1
Qb3 35. Nc2 Qc4+ 36. Kf2 Bh4+ 37. g3 Bg5 38. h4 Bd8 39. Nce3 Qa2+ 40. Kg1 Qe2
41. Rd3 g5 42. hxg5 Bxg5 43. Nf5 Rg8 44. Nxd6 Be3+ 45. Nxe3 Rxg3+ 46. Kh1 Qe1+
47. Kh2 Qg1# 0-1

[Event "Online Olym Div2 B 2021"]
[Site "chess.com INT"]
[Date "2021.09.04"]
[Round "9.1"]
[Board "2"]
[White "Arcuti, Davide"]
[Black "Rakhmatullaev, Almas"]
[Result "1-0"]
[WhiteTitle "FM"]
[WhiteElo "2390"]
[BlackElo "2183"]
[WhiteTeam "Switzerland"]
[BlackTeam "Uzbekistan"]
[WhiteFideId "1323725"]
[BlackFideId "14205793"]
[EventDate "2021.09.02"]
[EventType "team"]

1. d4 Nf6 2. Nf3 e6 3. Bg5 h6 4. Bh4 Be7 5. Nbd2 b6 6. e4 Bb7 7. Bd3 d5 8. exd5
Nxd5 9. Bg3 Nd7 10. O-O O-O 11. c4 Nb4 12. Bb1 c5 13. a3 Na6 14. d5 exd5 15.
cxd5 Nf6 16. Ne4 Qxd5 17. Nxf6+ Bxf6 18. Qc2 g6 19. Rd1 Qh5 20. Rd6 Bg7 21. Ba2
Rad8 22. Rxg6 Bd5 23. Bxd5 Rxd5 24. Rd6 Rxd6 25. Bxd6 Rd8 26. Bg3 Qg6 27. Qa4
Bxb2 28. Re1 Qd3 29. h3 Bg7 30. Re8+ Rxe8 31. Qxe8+ Kh7 32. Qxf7 c4 33. Be5 Qg6
34. Qxa7 Nc5 35. Bxg7 Qxg7 36. Qxb6 Nd3 37. Qd4 Qf7 38. Nd2 Qe7 39. Ne4 Qxa3 40.
Qd7+ Kh8 41. Qd8+ Kh7 42. Qd7+ Kh8 43. Qc8+ Kh7 44. Qc7+ Kh8 45. Qxc4 Qc1+ 46.
Qxc1 Nxc1 47. g4 Nd3 48. Kg2 Kg7 49. Kg3 Kg6 50. f4 Kg7 51. Nf2 Nc1 52. Kf3 Nb3
53. f5 Nc5 54. Kf4 Kf7 55. h4 Kg7 56. Ke5 Kf7 57. g5 hxg5 58. hxg5 Nd7+ 59. Kf4
Nc5 60. Ng4 Ke7 61. g6 Kf8 62. Kg5 Ne4+ 63. Kh6 Kg8 64. f6 Nd6 65. Ne5 Nf5+ 66.
Kg5 Nd6 67. Ng4 Ne4+ 68. Kf5 Ng3+ 69. Ke6 Nh5 70. Ke7 Nxf6 71. Kxf6 Kh8 72. Ne3
Kg8 73. Nf5 Kh8 74. g7+ Kh7 75. Ne7 1-0

[Event "Online Olym Div2 B 2021"]
[Site "chess.com INT"]
[Date "2021.09.04"]
[Round "9.1"]
[Board "3"]
[White "Salimova, Asal"]
[Black "Tamrazyan, Gohar"]
[Result "1-0"]
[WhiteElo "1905"]
[BlackElo "1981"]
[WhiteTeam "Uzbekistan"]
[BlackTeam "Switzerland"]
[WhiteFideId "14204940"]
[BlackFideId "1330799"]
[EventDate "2021.09.02"]
[EventType "team"]

1. d4 d5 2. Bf4 e6 3. e3 c5 4. c3 Nc6 5. Nf3 Nf6 6. Nbd2 Bd6 7. Bg3 O-O 8. Bd3
b6 9. Ne5 Bb7 10. f4 Be7 11. Qf3 Ne8 12. O-O Nd6 13. f5 Nxf5 14. Bxf5 exf5 15.
Qxf5 Nxe5 16. Bxe5 Bd6 17. Nf3 g6 18. Qh3 h5 19. Qg3 Bxe5 20. Nxe5 Kg7 21. Rxf7+
Kh8 22. Qxg6 1-0

[Event "Online Olym Div2 B 2021"]
[Site "chess.com INT"]
[Date "2021.09.04"]
[Round "9.1"]
[Board "4"]
[White "Kurapova, Olga"]
[Black "Malikova, Marjona"]
[Result "0-1"]
[WhiteElo "1900"]
[BlackElo "1684"]
[WhiteTeam "Switzerland"]
[BlackTeam "Uzbekistan"]
[WhiteFideId "1332562"]
[BlackFideId "14212463"]
[EventDate "2021.09.02"]
[EventType "team"]

1. e4 c6 2. Nc3 d5 3. Nf3 dxe4 4. Nxe4 Nf6 5. Nxf6+ exf6 6. g3 Bg4 7. Bg2 Qe7+
8. Qe2 Nd7 9. Qxe7+ Bxe7 10. O-O O-O-O 11. d4 Bd6 12. h3 Bf5 13. c4 Bd3 14. Rd1
Bxc4 15. Be3 Nb6 16. Nh4 g6 17. b3 Bd5 18. Nf3 Rhe8 19. Rac1 Bxg3 20. Bh6 Bc7
21. h4 Re2 22. b4 Rxa2 23. b5 a5 24. bxc6 Bxc6 25. Bg7 Nd5 26. Nd2 Re8 27. Nc4
Kb8 28. Bxd5 Bxd5 29. Bxf6 Ree2 30. Ne3 Bf3 31. Rf1 a4 32. Nd1 Bf4 33. Rc3 Bc6
34. Rd3 Rad2 35. Ra3 Bd6 36. Ra1 Re4 37. Nc3 Rg4# 0-1

[Event "Online Olym Div2 B 2021"]
[Site "chess.com INT"]
[Date "2021.09.04"]
[Round "9.1"]
[Board "5"]
[White "Begmuratov, Khumoyun"]
[Black "Stijve, Theo"]
[Result "1-0"]
[WhiteTitle "CM"]
[BlackTitle "FM"]
[WhiteElo "2148"]
[BlackElo "2291"]
[WhiteTeam "Uzbekistan"]
[BlackTeam "Switzerland"]
[WhiteFideId "14210207"]
[BlackFideId "1331132"]
[EventDate "2021.09.02"]
[EventType "team"]

1. e4 c5 2. Nf3 d6 3. d4 cxd4 4. Qxd4 Nc6 5. Bb5 Bd7 6. Bxc6 Bxc6 7. O-O Nf6 8.
Nc3 e6 9. b3 Be7 10. Bb2 O-O 11. Rfe1 Qc7 12. Rad1 Rfd8 13. a4 a6 14. Qd3 d5 15.
exd5 Nxd5 16. Nxd5 Rxd5 17. Qe3 Bc5 18. Bd4 Rad8 19. Rd3 Bf8 20. Ne5 Bd6 21. Bb6
Rxe5 22. Qxe5 Qxb6 23. Rxd6 Re8 24. Red1 Qb4 25. Rd8 Qe7 26. Rxe8+ Bxe8 27. Qb8
f6 28. c4 Kf7 29. Rd8 Qb4 30. Qc7+ Kg6 31. h3 Bc6 32. Qg3+ Kf7 33. Rc8 g5 34.
Rc7+ Kg6 35. h4 h5 36. hxg5 Qe1+ 37. Kh2 fxg5 38. Qd3+ Be4 39. Qd4 Qe2 40. Qg7+
Kf5 41. Rc5+ Bd5 42. cxd5 Qe5+ 43. Qxe5+ 1-0

[Event "Online Olym Div2 B 2021"]
[Site "chess.com INT"]
[Date "2021.09.04"]
[Round "9.1"]
[Board "6"]
[White "Zhuang, Yongzhe"]
[Black "Khegay, Yuliya"]
[Result "1-0"]
[BlackTitle "WFM"]
[WhiteElo "1645"]
[BlackElo "1848"]
[WhiteTeam "Switzerland"]
[BlackTeam "Uzbekistan"]
[WhiteFideId "1339893"]
[BlackFideId "14205394"]
[EventDate "2021.09.02"]
[EventType "team"]

1. e4 e5 2. Nf3 Nc6 3. Bc4 Bc5 4. c3 Nf6 5. d3 a6 6. Bb3 Ba7 7. h3 h6 8. Nbd2 d5
9. O-O O-O 10. exd5 Nxd5 11. Nc4 Re8 12. Re1 Qf6 13. Ncxe5 Nxe5 14. Bxd5 c6 15.
Be4 Nxf3+ 16. Bxf3 Rxe1+ 17. Qxe1 Bxh3 18. Qe2 Bd7 19. Be3 Re8 20. Re1 Bb8 21.
Qd2 Qh4 22. g3 Bxg3 23. fxg3 Qxg3+ 24. Bg2 Bh3 25. Qf2 Qg6 26. Kh2 Bxg2 27. Qxg2
Qxd3 28. Bd4 f6 29. Rxe8+ Kf7 30. Re3 Qf5 31. Rg3 Qh5+ 32. Rh3 Qf5 33. Qf2 Qg4
34. Rg3 Qh4+ 35. Kg2 Qe4+ 36. Kg1 Qb1+ 37. Kh2 Qe4 38. Qg2 Qh4+ 39. Kg1 g6 40.
Rxg6 Qe1+ 41. Kh2 Qh4+ 42. Qh3 Qxh3+ 43. Kxh3 Kxg6 44. Kg4 f5+ 45. Kf4 h5 46.
Bf2 Kf6 47. c4 b5 48. b3 bxc4 49. bxc4 Ke6 50. c5 Kf6 51. a4 Ke6 52. Bd4 Kd5 53.
Bf2 Ke6 54. Kg5 Ke5 55. Kxh5 Ke4 56. Kg5 f4 57. Kf6 Kf3 58. Bg1 Kg2 59. Bd4 f3
60. Ke6 f2 61. Bxf2 1-0

[Event "Online Olym Div2 B 2021"]
[Site "chess.com INT"]
[Date "2021.09.04"]
[Round "9.2"]
[Board "1"]
[White "Ragger, Markus"]
[Black "Blackburn, Jonathan L B"]
[Result "1-0"]
[WhiteTitle "GM"]
[BlackTitle "FM"]
[WhiteElo "2665"]
[BlackElo "2232"]
[WhiteTeam "Austria"]
[BlackTeam "Wales"]
[WhiteFideId "1610856"]
[BlackFideId "1801090"]
[EventDate "2021.09.02"]
[EventType "team"]

1. e4 e6 2. d4 d5 3. Nd2 Nc6 4. Ngf3 Nf6 5. e5 Nd7 6. Bd3 f6 7. exf6 Qxf6 8. O-O
e5 9. dxe5 Ndxe5 10. Nxe5 Nxe5 11. Be2 Bd6 12. c4 Be6 13. cxd5 Bxd5 14. Qa4+ Bc6
15. Bb5 O-O 16. Bxc6 Nxc6 17. Ne4 Qe5 18. Nxd6 cxd6 19. Be3 d5 20. Rad1 Rad8 21.
Rfe1 Qxb2 22. Rf1 Qf6 23. Qb5 Qf7 24. Bd4 Nxd4 25. Rxd4 Rd7 26. Qd3 Qf5 27. Qd2
a6 28. Rd1 Kh8 29. g3 Rfd8 30. h4 h6 31. Kg2 b5 32. Rf4 Qg6 33. Rd4 Qf6 34. Qd3
Qb6 35. Qf3 Qe6 36. Qd3 Qb6 37. Qf3 Qe6 38. R1d2 a5 39. Qd3 Qc6 40. Rc2 Qb6 41.
g4 b4 42. g5 Rf7 43. g6 Rf6 44. h5 Qe6 45. Re2 Qf5 46. Qxf5 Rxf5 47. f4 Rxh5 48.
Kg3 Rf5 49. Kg4 Rf6 50. f5 Kg8 51. Re5 Rfd6 52. Re7 Rc6 53. Rxd5 Rc4+ 54. Kf3
Rf8 55. Rxa5 Rc3+ 56. Ke4 b3 57. Raa7 Rc4+ 58. Kd3 Rd8+ 59. Kxc4 bxa2 60. Rxg7+
Kf8 1-0

[Event "Online Olym Div2 B 2021"]
[Site "chess.com INT"]
[Date "2021.09.04"]
[Round "9.2"]
[Board "2"]
[White "Pleasants, Allan J"]
[Black "Froewis, Georg"]
[Result "0-1"]
[BlackTitle "IM"]
[WhiteElo "2001"]
[BlackElo "2453"]
[WhiteTeam "Wales"]
[BlackTeam "Austria"]
[WhiteFideId "411337"]
[BlackFideId "1618423"]
[EventDate "2021.09.02"]
[EventType "team"]

1. e4 d5 2. exd5 Qxd5 3. Nc3 Qd6 4. d4 Nf6 5. Be2 Nc6 6. Nf3 Bg4 7. h3 Bxf3 8.
Bxf3 O-O-O 9. d5 Nb4 10. O-O Nbxd5 11. Nb5 Qb6 12. c4 a6 13. cxd5 Qxb5 14. a4
Qd7 15. Qd4 Nxd5 16. Qa7 c6 17. Bd2 Qc7 18. Rac1 e6 19. b4 Qb6 20. Qxb6 Nxb6 21.
Be3 Nd5 22. b5 axb5 23. axb5 Nxe3 24. fxe3 c5 25. Ra1 Bd6 26. Ra7 Rd7 27. Rd1
Rhd8 28. Rda1 Bb8 29. R7a2 Rd2 30. Rxd2 Rxd2 31. Rc1 b6 32. Rd1 Rxd1+ 33. Bxd1
c4 34. Kf2 Kc7 35. Bf3 Kd6 36. Ke2 Kc5 37. Bc6 Kb4 38. Kd2 Kb3 39. Kc1 Bd6 40.
Be4 f5 41. Bc2+ Kb4 42. g4 g6 43. gxf5 exf5 44. h4 Kxb5 45. h5 Kc5 46. hxg6 hxg6 0-1

[Event "Online Olym Div2 B 2021"]
[Site "chess.com INT"]
[Date "2021.09.04"]
[Round "9.2"]
[Board "3"]
[White "Polterauer, Chiara"]
[Black "Smith, Olivia"]
[Result "1/2-1/2"]
[WhiteTitle "WFM"]
[BlackTitle "WFM"]
[WhiteElo "2190"]
[BlackElo "2012"]
[WhiteTeam "Austria"]
[BlackTeam "Wales"]
[WhiteFideId "1638165"]
[BlackFideId "411850"]
[EventDate "2021.09.02"]
[EventType "team"]

1. e4 e5 2. Nf3 Nf6 3. d4 Nxe4 4. Bd3 d5 5. Nxe5 Be7 6. O-O O-O 7. c4 c6 8. Nc3
Nf6 9. Bg5 h6 10. Bh4 Nbd7 11. Rc1 dxc4 12. Bxc4 Nb6 13. Bb3 Nfd5 14. Bxe7 Nxe7
15. Qf3 Be6 16. Bxe6 fxe6 17. Qe4 Nbd5 18. Nf3 Qd6 19. Rfe1 Rf6 20. Qe5 Qxe5 21.
dxe5 Rff8 22. Ne4 Nf5 23. Nc5 Nf4 24. Re4 g5 25. g3 Nd5 26. Nxe6 Nxg3 27. hxg3
Rxf3 28. Kg2 Rf7 29. Rh1 Rh7 30. Nd4 Re8 31. e6 Kg7 32. f4 gxf4 33. gxf4 Kf6 34.
Rhe1 Rg8+ 35. Kf3 h5 36. Re5 h4 37. Rf5+ Ke7 38. Rg5 Rf8 39. Nf5+ Kf6 40. Kg4 h3
41. Nh4 h2 42. Rf5+ Kg7 43. Rg5+ Kf6 44. Rg6+ Ke7 45. Nf5+ Rxf5 46. Kxf5 h1=Q
47. Rxh1 Rxh1 48. Rg7+ Ke8 49. Rg8+ Ke7 50. Rg7+ Kf8 51. Rf7+ Ke8 52. Rxb7 Rf1
53. Rb8+ Ke7 54. Rb7+ Ke8 55. Rb8+ Ke7 56. Rb7+ Ke8 1/2-1/2

[Event "Online Olym Div2 B 2021"]
[Site "chess.com INT"]
[Date "2021.09.04"]
[Round "9.2"]
[Board "4"]
[White "Wilson, Julie"]
[Black "Froewis, Annika"]
[Result "1-0"]
[BlackTitle "WFM"]
[WhiteElo "1826"]
[BlackElo "2077"]
[WhiteTeam "Wales"]
[BlackTeam "Austria"]
[WhiteFideId "1800876"]
[BlackFideId "1621432"]
[EventDate "2021.09.02"]
[EventType "team"]

1. d4 d5 2. c4 e6 3. Nf3 Nf6 4. Bg5 Be7 5. e3 h6 6. Bh4 O-O 7. Nc3 Nbd7 8. Rc1
a6 9. Bd3 dxc4 10. Bxc4 b5 11. Bd3 Bb7 12. O-O c5 13. Bxf6 Bxf6 14. Ne4 cxd4 15.
Nxf6+ Qxf6 16. Nxd4 Rac8 17. Qd2 Nc5 18. Bb1 Rfd8 19. Qe2 Bd5 20. Rfd1 Ne4 21.
f3 Nd6 22. Qd3 Nc4 23. b3 Ne5 24. Qh7+ Kf8 25. Rxc8 Rxc8 26. Qh8+ Ke7 27. Qxc8
Qg5 28. e4 Qe3+ 29. Kf1 Nc4 30. Qc5+ Kf6 31. exd5 Nd2+ 32. Rxd2 Qxd2 33. Be4
Qd1+ 34. Kf2 Qd2+ 35. Kg3 Qg5+ 36. Kf2 Qd2+ 37. Ne2 Qxa2 38. Qd4+ Ke7 39. d6+
Kd7 40. Qc5 Qa5 41. Bc6+ Kd8 42. Qa7 Kc8 43. Qd7+ Kb8 44. Qb7# 1-0

[Event "Online Olym Div2 B 2021"]
[Site "chess.com INT"]
[Date "2021.09.04"]
[Round "9.2"]
[Board "5"]
[White "Morgunov, Marc"]
[Black "Fowler, Hugo"]
[Result "1-0"]
[WhiteTitle "FM"]
[WhiteElo "2386"]
[BlackElo "1840"]
[WhiteTeam "Austria"]
[BlackTeam "Wales"]
[WhiteFideId "1640305"]
[BlackFideId "433411"]
[EventDate "2021.09.02"]
[EventType "team"]

1. e4 e5 2. Nf3 Nc6 3. Bb5 a6 4. Ba4 Nf6 5. O-O b5 6. Bb3 Bc5 7. a4 Rb8 8. Nxe5
Nxe5 9. d4 Bxd4 10. Qxd4 d6 11. f3 O-O 12. Rd1 Qe7 13. Nc3 Be6 14. Nd5 Bxd5 15.
exd5 Rfe8 16. Bg5 h6 17. Bh4 b4 18. Re1 Qd7 19. Bxf6 gxf6 20. Qf4 Kg7 21. h4 a5
22. h5 Re7 23. Re3 Rbe8 24. Rae1 Qc8 25. c3 bxc3 26. bxc3 Nd3 27. Qg3+ Kf8 28.
Rxe7 Rxe7 29. Rxe7 Kxe7 30. Bc2 Ne5 31. Qe1 Kf8 32. Qe3 Kg7 33. Qe4 f5 34. Qf4
Qb7 35. Qxf5 Qb6+ 36. Kh1 Qe3 37. Kh2 Kf8 38. f4 Nc4 39. Qf6 Qf2 40. Bg6 1-0

[Event "Online Olym Div2 B 2021"]
[Site "chess.com INT"]
[Date "2021.09.04"]
[Round "9.2"]
[Board "6"]
[White "Fraser, Susanna"]
[Black "Vicze, Kata"]
[Result "1/2-1/2"]
[WhiteElo "1641"]
[BlackElo "1809"]
[WhiteTeam "Wales"]
[BlackTeam "Austria"]
[WhiteFideId "1803921"]
[BlackFideId "786527"]
[EventDate "2021.09.02"]
[EventType "team"]

1. d4 d5 2. Bf4 c5 3. e3 Nc6 4. c3 Nf6 5. Nd2 Bf5 6. Ngf3 Qb6 7. Qc1 h6 8. h3 e6
9. Ne5 Be7 10. Bd3 O-O 11. O-O Rac8 12. Bxf5 exf5 13. dxc5 Bxc5 14. Nb3 Be7 15.
Qd2 Rfd8 16. Nf3 Ne4 17. Qe2 Bf6 18. Nfd2 a5 19. Nxe4 fxe4 20. Rab1 Be5 21. Rfd1
Bxf4 22. exf4 a4 23. Nd4 Nxd4 24. Rxd4 Rxc3 25. Rbd1 Rc5 26. Rxa4 Rdc8 27. Rad4
Rc2 28. R4d2 Qxb2 29. Qg4 Rd8 30. Rxd5 Rxd5 31. Rxd5 Qa1+ 32. Kh2 Qf6 33. Rf5
Qg6 34. Qxg6 fxg6 35. Re5 Rxa2 36. Rxe4 Ra8 37. Rb4 Rb8 38. Kg3 b5 39. Kg4 Kf7
40. f5 g5 41. f4 gxf4 42. Kxf4 Kf6 43. g4 g6 44. fxg6 Kxg6 45. h4 Rb6 46. g5 h5
47. Ke5 Rb8 48. Kd5 Kf5 49. Kc5 Kg6 50. Rxb5 Rc8+ 51. Kd4 Rd8+ 52. Ke5 Re8+ 53.
Kf4 Rf8+ 54. Ke4 Re8+ 55. Re5 Rf8 56. Re6+ Kg7 57. Rh6 Ra8 58. Rxh5 Ra6 59. Kf4
Rb6 60. Kf5 Ra6 61. Kg4 Rb6 62. Kf5 Ra6 63. g6 Ra5+ 64. Kg4 Ra4+ 65. Kf5 Ra5+
66. Kg4 Ra4+ 67. Kg3 Kxg6 68. Rg5+ Kh6 69. Rg4 Rxg4+ 70. Kxg4 Kg6 71. h5+ Kh6
72. Kh4 Kh7 73. Kg5 Kg7 74. h6+ Kh7 75. Kh5 Kh8 76. Kg6 Kg8 77. h7+ Kh8 78. Kh6 1/2-1/2

[Event "Online Olym Div2 B 2021"]
[Site "chess.com INT"]
[Date "2021.09.04"]
[Round "9.3"]
[Board "1"]
[White "Lim, Zhuo Ren"]
[Black "Bologan, Victor"]
[Result "0-1"]
[WhiteTitle "FM"]
[BlackTitle "GM"]
[WhiteElo "2311"]
[BlackElo "2574"]
[WhiteTeam "Malaysia"]
[BlackTeam "Moldova"]
[WhiteFideId "5702488"]
[BlackFideId "13900048"]
[EventDate "2021.09.02"]
[EventType "team"]

1. Nf3 Nf6 2. c4 d6 3. d4 g6 4. g3 Bg7 5. Bg2 O-O 6. O-O Nc6 7. Nc3 Rb8 8. h3
Bd7 9. e4 Qc8 10. Kh2 e5 11. d5 Nd4 12. Be3 Nxf3+ 13. Qxf3 Ng4+ 14. Kg1 Nxe3 15.
Qxe3 Bxh3 16. Qxa7 Bd7 17. Qe3 f5 18. exf5 gxf5 19. c5 f4 20. Qe2 dxc5 21. Be4
Bf5 22. Kh2 b5 23. Rh1 b4 24. Bxf5 Rxf5 25. Ne4 f3 26. Qf1 Rh5+ 27. Kg1 Rxh1+
28. Kxh1 Qg4 29. Nxc5 Rd8 30. Rd1 Rd6 31. Ne6 c6 32. Kg1 cxd5 33. Nxg7 Kxg7 34.
Qb5 Qh3 35. Qf1 Qxf1+ 36. Kxf1 Kf6 37. Rd3 e4 38. Rd4 Rc6 39. Ke1 Ke5 40. Rxb4
Rc1+ 41. Kd2 Rf1 42. a4 Rxf2+ 43. Ke1 Rh2 44. a5 e3 45. Rh4 Rxb2 0-1

[Event "Online Olym Div2 B 2021"]
[Site "chess.com INT"]
[Date "2021.09.04"]
[Round "9.3"]
[Board "2"]
[White "Iordachescu, Viorel"]
[Black "Poh, Yu Tian"]
[Result "0-1"]
[WhiteTitle "GM"]
[WhiteElo "2587"]
[BlackElo "2081"]
[WhiteTeam "Moldova"]
[BlackTeam "Malaysia"]
[WhiteFideId "13900200"]
[BlackFideId "5734088"]
[EventDate "2021.09.02"]
[EventType "team"]

1. e4 c5 2. Nf3 d6 3. c3 Nf6 4. Be2 g6 5. O-O Bg7 6. Bb5+ Nc6 7. d4 O-O 8. d5 a6
9. Bd3 Na5 10. Re1 b5 11. Nbd2 h6 12. h3 e6 13. dxe6 Bxe6 14. Bc2 d5 15. e5 Nd7
16. Nf1 Nc4 17. Bf4 Nxb2 18. Qc1 Nc4 19. Bxh6 Ndxe5 20. Nxe5 Bxe5 21. Bxf8 Qxf8
22. Bd3 Qg7 23. Bxc4 bxc4 24. Rb1 Bxc3 25. Nd2 Bxd2 26. Qxd2 c3 27. Qg5 d4 28.
Rb7 Re8 29. Qxc5 d3 30. Qc6 Rc8 31. Qd6 c2 32. Rb8 Qf8 33. Rxc8 Qxc8 34. Rc1 Qd7
35. Qb8+ Kh7 36. Qb2 d2 37. Qxc2 dxc1=Q+ 38. Qxc1 Bxa2 39. h4 Bd5 40. Qg5 Qf5
41. Qd8 Be6 42. f3 a5 43. Qd4 Qb1+ 44. Kh2 Qb5 45. g4 a4 46. h5 gxh5 47. Qe4+
Kg8 48. Qd4 hxg4 0-1